| 000 | 00871nam a2200229 a 4500 | ||
|---|---|---|---|
| 999 |
_c11004 _d11004 |
||
| 001 | 11004 | ||
| 003 | BD-JhCC | ||
| 005 | 20190721125922.0 | ||
| 008 | 190621s20102011bg |||| |||| 001 0 ben d | ||
| 020 | _a8186964274 | ||
| 035 | _a(BD-JhCC)11004 | ||
| 040 |
_aBD-JhCC _dBD-JhCC |
||
| 041 | _aben | ||
| 082 |
_a020 _bRAH 2011 |
||
| 100 | _aরহমান, ড. মোঃ মিজানুর | ||
| 245 |
_aগ্রন্থাগার ও তথ্যবিজ্ঞান পরিচিতি / _cড. মোঃ মিজানুর রহমান, |
||
| 260 |
_aঢাকা : _bপ্রভা প্রকাশনী, _c২০১১. |
||
| 300 |
_a১-৩ খন্ড : _c২২ সেমি. |
||
| 504 | _aনির্ঘন্ট ও গ্রন্থপঞ্জি অর্ন্তভূক্ত | ||
| 650 | _aLibrary Science | ||
| 942 |
_2ddc _cBK |
||